All 1M+ Cities by Letter - J - Statistics

General Stats
  • This quiz has been taken 324 times
  • The average score is 8 of 19
Answer Stats
Country (State) Population (Millions) City Name % Correct
Indonesia 30.6 Jakarta
100%
South Africa 13.7 Johannesburg
100%
Saudi Arabia 4.8 Jeddah
95%
USA (Florida) 1.42 Jacksonville
92%
India (Rajasthan) 3.9 Jaipur
76%
Mexico 1.48 Juarez
56%
China (Shandong) 4.3 Jinan
48%
India (Rajasthan) 1.44 Jodhpur
43%
China (Jilin) 1.53 Jilin
36%
Brazil 1.12 Joao Pessoa
23%
India (Madhya Pradesh) 1.47 Jabalpur
20%
Nigeria 1 Jos
20%
India (Jharkhand) 1.63 Jamshedpur
19%
China (Jiangsu) 2.5 Jiangyin
16%
China (Shandong) 1.2 Jining
15%
India (Punjab) 1.1 Jalandhar
14%
China (Henan) 1.53 Jiaozuo
11%
China (Liaoning) 1.1 Jinzhou
11%
China (Hubei) 1.2 Jingzhou
9%
No matching quizzes found
Score Distribution
Percent of People with Each Score
Percentile by Number Answered
Your Score History
You have not taken this quiz